| 000 | 01120nam a22002777a 4500 | ||
|---|---|---|---|
| 001 | 7136 | ||
| 003 | FISKH | ||
| 005 | 20250626084450.0 | ||
| 008 | 250625b cb ||||| |||| 00| 0 eng d | ||
| 020 | _a9788956355092 | ||
| 040 |
_aFISKH _beng _cFISKH _dFISKH |
||
| 050 | _aPZ7 | ||
| 082 | _a800 | ||
| 100 | _aSormark, Julie | ||
| 245 |
_aThe fisherman and the golden fish / _cRetold by Julie Sormark : through the Art style of Henri Matisse |
||
| 260 |
_aSeoul : _be-future _c2010. |
||
| 300 |
_a39 pages : _bcolor illustrations ; _c23 cm . |
||
| 490 | _aArt classic stories | ||
| 505 | _aJ | ||
| 520 | _aA fisherman caught a golden fish. The fish asked the him to let it go. The fisherman's wife asked her husband to go and request various things from the fish. The fish granted all of her requests. Driven by greed, she eventually asked the fish to make her a queen. The fish became very upset, and in the end, she lost everything. | ||
| 521 | 8 |
_a500
_bLexile estimate |
|
| 521 | 8 |
_aJ
_bRaz-Plus |
|
| 700 |
_aCho, Heegyeong _eIllustrator |
||
| 942 |
_2ddc _cBK _n0 |
||
| 999 |
_c7136 _d7136 |
||